Concelhos de Setúbal - Statistics

Estatísticas Gerais
  • Esse quiz foi jogado 26 vezes
  • A pontuação média é 11 de 13
Estatísticas das Respostas
Concelho % Correto
Setúbal
100%
Almada
93%
Montijo
93%
Palmela
93%
Alcácer do Sal
87%
Sesimbra
87%
Alcochete
80%
Barreiro
80%
Grândola
80%
Moita
80%
Seixal
80%
Sines
80%
Santiago do Cacém
73%
Nenhum quiz correspondente encontrado
Distribuição das Pontuações
Porcentagem de Pessoas com Cada Pontuação
Percentil de Números Respondidos
Sua Pontuação Histórica
Você não jogou esse quiz